| 000 | nam a22 7a 4500 | ||
|---|---|---|---|
| 999 |
_c9052 _d9052 |
||
| 005 | 20220106025827.0 | ||
| 008 | 220106b xxu||||| |||| 00| 0 eng d | ||
| 020 |
_a9788854414709 _bhard bound |
||
| 040 |
_beng _cAPEC Schools Library _erda |
||
| 082 |
_aC 294.344 _bS7951t 2019 |
||
| 100 | _aWhite, Star | ||
| 245 |
_a365 meditations : _ba spiritual journey on the path of wisdom / _cStar White |
||
| 264 |
_aItaly ; _bWhite Star Publishers, _c©2019. |
||
| 300 |
_a[unpaged] ; _bcolored illustrations. |
||
| 336 |
_2rdacontent _atext |
||
| 337 |
_2rdamedia _aunmediated |
||
| 338 |
_2rdacarrier _avolume |
||
| 650 | _aPhilosophy, Asian. | ||
| 650 |
_aSelf realization _vReligious aspect. |
||
| 942 |
_2ddc _cNFIC |
||